Improved handover of office buildings (Record no. 72284)

MARC details
000 -LEADER
fixed length control field 01312cam a2200205 4500
001 - CONTROL NUMBER
control field WB3910-04
008 - FIXED-LENGTH DATA ELEMENTS--GENERAL INFORMATION
fixed length control field 030311n2003 000 0 eng u
035 ## - SYSTEM CONTROL NUMBER
System control number (Sirsi) u121596
245 ## - TITLE STATEMENT
Title Improved handover of office buildings
260 ## - PUBLICATION, DISTRIBUTION, ETC.
Date of publication, distribution, etc. 2003
490 ## - SERIES STATEMENT
Series statement BRE News Release
Volume/sequential designation 20 February 2003, (1)
520 ## - SUMMARY, ETC.
Summary, etc. Recently published BRE Digest 474 "HOBO protocol - handover of office building operations" provides an improved protocol for preparing and handing over with its documentation a new office building or an existing building to new owners and operators. Handover is seen as a process of many activities that starts at the tendering stage and continues through to a period after practical completion. The new protocol was developed through a two year Partners in Innovation Programme project, using case studies representing a wide range of building types, clients and suppliers and trialed by partner organisations on live projects. Digest 474 is available from BRE Bookshop at http://www.bookshop.com or t +44 (0)20 7505 6622. http://www.bre.co.uk/news.jsp?id=97
590 ## - LOCAL NOTE (RLIN)
Local note WB
650 ## - SUBJECT ADDED ENTRY--TOPICAL TERM
Topical term or geographic name entry element COMMISSIONING PROCEDURES
650 ## - SUBJECT ADDED ENTRY--TOPICAL TERM
Topical term or geographic name entry element HANDOVER
650 ## - SUBJECT ADDED ENTRY--TOPICAL TERM
Topical term or geographic name entry element HANDOVER OF OFFICE BUILDINGS PROTOCOL
650 ## - SUBJECT ADDED ENTRY--TOPICAL TERM
Topical term or geographic name entry element OFFICE BUILDINGS
690 ## - LOCAL SUBJECT ADDED ENTRY--TOPICAL TERM (OCLC, RLIN)
Topical term or geographic name as entry element BUILDING AND CONSTRUCTION-MANAGEMENT
942 ## - ADDED ENTRY ELEMENTS (KOHA)
Suppress in OPAC 0
Holdings
Withdrawn status Lost status Source of classification or shelving scheme Damaged status Not for loan Home library Current library Shelving location Date acquired Total Checkouts Full call number Barcode Date last seen Copy number Price effective from Koha item type
    Dewey Decimal Classification     London London News article 11/03/2003   WB3910-04 121596-1001 06/08/2019 1 06/08/2019 News article